000 01251nam a2200229Ia 4500
001 L235-7359
003 IT-CnALBA
008 170116s9999||||xx |||||||||||||| ||und||
040 _aIT-CnALBA
_cIT-CnALBA
041 _aFRANCESE
100 _aD'HAUBERT DU MANOIR, SJ.
245 0 _aMARIA. ETUDES SUR LA SAINTE VIERGE. TOME PREMIER.
250 _a1a ed.
260 _a PARIS
_bBEAUCHESNE GABR. E F. EDIT.
_c1949 [1° Ed.:1949 - Ed.Ling.Originale: 1949]
300 _a920 p. (prefazione: 718)
500 _aTAVOLE FUORI TESTO. MARIA NELLA SCRITTURA SACRA E NELLA PATRISTICA. MARIA NELLA LITURGIA. NEL DOGMA E NELLA TEOLOGIA. SPIRITUALITÀ E APOSTOLATO. ALTRI AUTORI: HILION G., JOWASSARD G., DANIELOU I., ABD EL JAWL, CAPELLE DOM B., SALAVILLE S., ETC... CONFRONT
501 _aSocietà San Paolo EM - Piazza San Paolo, 14 - 12051 ALBA (CN) (non commercial uses only) ® Copyright 2017
520 _aTAVOLE FUORI TESTO. MARIA NELLA SCRITTURA SACRA E NELLA PATRISTICA. MARIA NELLA LITURGIA. NEL DOGMA E NELLA TEOLOGIA. SPIRITUALITÀ E APOSTOLATO. ALTRI AUTORI: HILION G., JOWASSARD G., DANIELOU I., ABD EL JAWL, CAPELLE DOM B., SALAVILLE S., ETC... CONFRONT
650 _aMARIA SS. ANGELI SANTI DEMONI
942 _cBK
957 _71
999 _a8335
_bSI
_g Copie: 1
_c266541
_d266541